Estatísticas para Lasanha

Clique aqui para jogar o quiz

Estatísticas Gerais

  • Esse quiz foi jogado 45 vezes
  • A pontuação média é 4 de 16

Estatísticas das Respostas

HintResposta% Correto
15.Queijo
91%
10.Polpa de tomate
67%
2.Sal
40%
13.Farinha
35%
5.Cebola
33%
6.Dentes de alho
33%
14.Leite
33%
9.Pimenta
23%
3.Azeite
16%
1.Carne picada
12%
16.Manjericão
12%
4.Folhas de massa para lasanha
9%
12.Manteiga
9%
8.Orégãos
0%
11.Tomates
0%
7.Vinho branco
0%

Distribuição das Pontuações

Percentil de Números Respondidos

Porcentagem de Pessoas com Cada Pontuação

Sua Pontuação Histórica

Você não jogou esse quiz